书目信息 |
| 题名: |
文化范式:译学研究与比较文学
|
|
| 作者: | 傅勇林 著 | |
| 分册: | ||
| 出版信息: | 成都 西南交通大学出版社 2000.09 |
|
| 页数: | 307页 | |
| 开本: | 32开 | |
| 丛书名: | ||
| 单 册: | ||
| 中图分类: | H059 | |
| 科图分类: | ||
| 主题词: | 翻译 | |
| 电子资源: | ||
| ISBN: | 7-81057-513-9 | |
| 000 | 00572nam0 2200193 45 | |
| 001 | 0011161610 | |
| 005 | 20001116164633.5 | |
| 010 | @a7-81057-513-9@d20.00元 | |
| 100 | @a20001116d2000 km y0chiy0120 ea | |
| 101 | 0 | @achi |
| 105 | @a z 000yy | |
| 200 | 1 | @a文化范式:译学研究与比较文学@AWen Hua Fan Shi:Yi Xue Yan Jiu Yu Bi Jiao Wen Xue@f傅勇林著@FFu Yong Lin Zhu |
| 210 | @a成都@c西南交通大学出版社@d2000.09 | |
| 215 | @a307页@d32开 | |
| 606 | 0 | @a翻译 |
| 690 | @aH059@v3 | |
| 701 | 0 | @a傅勇林@4著 |
| 801 | @aCN@bPftUser@c20001116 | |
| 905 | @b409364-368@dH059@eF465@f5 | |
| 文化范式:译学研究与比较文学/傅勇林著.-成都:西南交通大学出版社,2000.09 |
| 307页;32开 |
| ISBN 7-81057-513-9:20.00元 |
| ● |
| 相关链接 |
|
|
|
正题名:文化范式:译学研究与比较文学
索取号:H059/F465
 
预约/预借
| 序号 | 登录号 | 条形码 | 馆藏地/架位号 | 状态 | 备注 |
| 1 | 409364 | 204093649 | 语言库209/209语言库 67排2列5层/ [索取号:H059/F465] | 在馆 | |
| 2 | 409365 | 204093658 | 语言库209/209语言库 67排2列5层/ [索取号:H059/F465] | 在馆 | |
| 3 | 409366 | 204093667 | 语言库209/209语言库 67排2列5层/ [索取号:H059/F465] | 在馆 | |
| 4 | 409367 | 204093676 | 语言库209/209语言库 67排2列5层/ [索取号:H059/F465] | 在馆 | |
| 5 | 409368 | 204093685 | 语言库209/209语言库 67排2列5层/ [索取号:H059/F465] | 在馆 |